Chemistry for engineers: An introductory course (Record no. 22445)

MARC details
000 -LEADER
fixed length control field 00318nam a2200121Ia 4500
082 ## - DEWEY DECIMAL CLASSIFICATION NUMBER
Classification number 002.6208
Item number CAR
100 ## - MAIN ENTRY--AUTHOR NAME
Personal name Cartmell, Edward
245 #0 - TITLE STATEMENT
Title Chemistry for engineers: An introductory course
250 ## - EDITION STATEMENT
Edition statement Ed.2
260 ## - PUBLICATION, DISTRIBUTION, ETC. (IMPRINT)
Place of publication London
Name of publisher Butterworths
Year of publication 1964
942 ## - ADDED ENTRY ELEMENTS (KOHA)
Koha item type Books
Holdings
Withdrawn status Lost status Damaged status Not for loan Home library Current library Date acquired Cost, normal purchase price Full call number Accession Number Koha item type
      Write off RRII Library RRII Library 16/12/2021 50.00 002.6208 CAR 03165 Books